Biggest Cities West of the Mississippi River - Statistics

General Stats
  • This quiz has been taken 27 times
    24 since last reset
  • The average score is 24 of 26
Answer Stats
Population City % Correct
7.8M Dallas
100%
3.7M Denver
100%
7.1M Houston
100%
17.7M Los Angeles
100%
5.0M Phoenix
100%
2.8M Portland
100%
2.6M Sacramento
100%
2.7M Salt Lake City
100%
2.7M San Antonio
100%
3.4M San Diego
100%
9.8M San Francisco Bay area
100%
4.9M Seattle
100%
2.4M Austin
95%
1.0M Fresno
95%
4.1M Minneapolis
95%
1.5M Oklahoma City
95%
1.2M Albuquerque
89%
2.2M Kansas City
89%
2.6M Las Vegas
89%
1.2M Omaha
89%
3.1M St. Louis
89%
1.1M El Paso
84%
1.0M Tucson
84%
1.3M Tulsa
79%
1.1M Honolulu
63%
1.2M Stockton-Modesto
37%
No matching quizzes found
Score Distribution
Percent of People with Each Score
Percentile by Number Answered
Your Score History
You have not taken this quiz since the last reset